|
|
|
|
| LEADER |
01860cas a2200241 a 4500 |
| 001 |
AALejournalIMF002949 |
| 008 |
230101c9999 xx r poo 0 0eng d |
| 020 |
|
|
|c 5.00 USD
|
| 020 |
|
|
|z 9781451825299
|
| 022 |
|
|
|a 1934-7685
|
| 040 |
|
|
|a BD-DhAAL
|c BD-DhAAL
|
| 110 |
2 |
|
|a International Monetary Fund.
|
| 245 |
1 |
0 |
|a Republic of Madagascar :
|b Fourth Review Under the Poverty Reduction and Growth Facility and Requests for Extension of the Arrangement and Additional Interim Assistance Under the Enhanced Initiative for Heavily Indebted Poor Countries.
|
| 264 |
|
1 |
|a Washington, D.C. :
|b International Monetary Fund,
|c 2004.
|
| 300 |
|
|
|a 1 online resource (100 pages)
|
| 490 |
1 |
|
|a IMF Staff Country Reports
|
| 500 |
|
|
|a <strong>Off-Campus Access:</strong> No User ID or Password Required
|
| 500 |
|
|
|a <strong>On-Campus Access:</strong> No User ID or Password Required
|
| 506 |
|
|
|a Electronic access restricted to authorized BRAC University faculty, staff and students
|
| 520 |
3 |
|
|a Madagascar showed strong economic growth and low inflation under the Poverty Reduction and Growth Facility (PRGF) Arrangement. Executive Directors commended these developments, and stressed the need to restore fiscal discipline, improve governance, strengthen the business climate to encourage private investment, and accelerate structural reforms. They welcomed the plan to privatize and rehabilitate the telecom, cotton, sugar, and utility companies, and agreed that Madagascar has successfully completed the fourth review under the PRGF program, and approved waiver, additional interim assistance, and an extension of the arrangement.
|
| 538 |
|
|
|a Mode of access: Internet
|
| 830 |
|
0 |
|a IMF Staff Country Reports; Country Report ;
|v No. 2004/091
|
| 856 |
4 |
0 |
|z Full text available on IMF
|u http://elibrary.imf.org/view/journals/002/2004/091/002.2004.issue-091-en.xml
|z IMF e-Library
|